[Event "DEM U16 2004"]
[Site "Willingen GER"]
[Date "2004.05.30"]
[Round "1"]
[White "Strache, Michael"]
[Black "Bäumler, Ilja"]
[Result "0-1"]
[Termination "normal"]
[Board "4"]
[WhiteElo "2031"]
[BlackElo "2163"]
[PlyCount "76"]
[WhiteFideId "4693183"]
[BlackFideId "4681070"]
[EventCountry "GER"]
[EventRounds "9"]
[EventType "swiss"]
[EventDate "2004.05.29"]

1. e4 e6 2. d4 d5 3. Nc3 Bb4 4. e5 Ne7 5. a3 Bxc3+ 6. bxc3 c5 7. h4 Nbc6 8. h5
h6 9. Qg4 Kf8 10. Rh3 cxd4 11. cxd4 Qa5+ 12. c3 Nf5 13. Bd2 Qa4 14. Qf4 Bd7 15.
Bd3 Nfe7 16. g4 Nd8 17. Rf3 Ke8 18. g5 Nf5 19. g6 fxg6 20. Qg4 g5 21. Ne2 Nc6
22. Qh3 Nce7 23. Rb1 Rb8 24. Bc1 b5 25. Ng3 Nh4 26. Re3 Rf8 27. Re2 Qa5 28. Rc2
Nf3+ 29. Kf1 Nc6 30. Bg6+ Kd8 31. Be3 Qxa3 32. Ne2 a5 33. Kg2 Nh4+ 34. Kh1 Nxg6
35. hxg6 Qe7 36. Ng3 Be8 37. Qh5 Qc7 38. Rcb2 Ne7 0-1

[Event "DEM U16 2004"]
[Site "Willingen GER"]
[Date "2004.05.30"]
[Round "1"]
[White "Frübing, Stefan"]
[Black "Bubolz, Konstantin"]
[Result "1-0"]
[Termination "normal"]
[Board "5"]
[WhiteElo "2155"]
[BlackElo "2015"]
[PlyCount "121"]
[WhiteFideId "4682165"]
[BlackFideId "24610194"]
[EventCountry "GER"]
[EventRounds "9"]
[EventType "swiss"]
[EventDate "2004.05.29"]

1. c4 e5 2. Nc3 d6 3. g3 Be6 4. Bg2 c6 5. d3 g6 6. e3 Bg7 7. Rb1 Ne7 8. Nge2
O-O 9. O-O f5 10. b3 Nd7 11. d4 Nf6 12. dxe5 dxe5 13. Ba3 Qc7 14. Bd6 Qd7 15.
Bxe5 Rad8 16. Qc1 g5 17. Rd1 Qe8 18. Rxd8 Qxd8 19. Qa3 Nc8 20. Nd4 Qe8 21. Nxe6
Qxe6 22. Bd4 Ng4 23. Bxg7 Kxg7 24. Qc5 Ne5 25. Qd4 Kg6 26. Rd1 Rf7 27. Qd8 Rf6
28. Ne2 Nd6 29. h4 h6 30. hxg5 hxg5 31. Nd4 Qd7 32. Qxd7 Nxd7 33. Nf3 Nc5 34.
Ne5+ Kg7 35. b4 Na6 36. c5 Nf7 37. Nxf7 Rxf7 38. a3 Nc7 39. Kf1 Ne6 40. Rd6 Re7
41. Ke2 Nc7 42. f4 Ne8 43. Rd8 g4 44. a4 a6 45. Rb8 Nf6 46. b5 axb5 47. axb5
Rc7 48. b6 Re7 49. Rc8 Kf7 50. Rc7 Ne4 51. Bxe4 fxe4 52. Kd2 Ke8 53. Kc3 Rxc7
54. bxc7 Kd7 55. Kd4 Kxc7 56. Kxe4 b5 57. cxb6+ Kxb6 58. Kd4 Kb5 59. f5 Kb4 60.
f6 c5+ 61. Ke4 1-0

[Event "DEM U16 2004"]
[Site "Willingen GER"]
[Date "2004.05.30"]
[Round "1"]
[White "Nuber, Korbinian"]
[Black "Figura, Atila Gajo"]
[Result "0-1"]
[Termination "normal"]
[Board "6"]
[WhiteElo "2004"]
[BlackElo "2154"]
[PlyCount "74"]
[WhiteFideId "24607231"]
[BlackFideId "4688058"]
[EventCountry "GER"]
[EventRounds "9"]
[EventType "swiss"]
[EventDate "2004.05.29"]

1. e4 c5 2. Nf3 e6 3. d4 cxd4 4. Nxd4 a6 5. Nc3 b5 6. Bd3 Qb6 7. Nb3 Qc7 8. O-O
Bb7 9. a3 Nf6 10. Qe2 Be7 11. Bd2 O-O 12. f4 d6 13. a4 b4 14. Nd1 Nc6 15. Ne3
a5 16. g4 Nd7 17. Nc4 Rfe8 18. Qf2 Rad8 19. Be3 d5 20. exd5 exd5 21. Ncd2 Bf6
22. Rab1 d4 23. Bxd4 Nxd4 24. Nxd4 Nc5 25. Rbe1 Nxd3 26. cxd3 Qd7 27. Rxe8+
Rxe8 28. N2f3 Qxg4+ 29. Qg3 Qd7 30. Qf2 Qxa4 31. Re1 g6 32. Rxe8+ Qxe8 33. Nb3
Qd7 34. Ne1 Qd5 35. Qg2 Qb5 36. Qe2 a4 37. Nc1 Qc5+ 0-1

[Event "DEM U16 2004"]
[Site "Willingen GER"]
[Date "2004.05.30"]
[Round "1"]
[White "Lutz, Dieter"]
[Black "Zebisch, Paul"]
[Result "1-0"]
[Termination "normal"]
[Board "7"]
[WhiteElo "2153"]
[BlackElo "1987"]
[PlyCount "103"]
[WhiteFideId "4667565"]
[BlackFideId "24601535"]
[EventCountry "GER"]
[EventRounds "9"]
[EventType "swiss"]
[EventDate "2004.05.29"]

1. e4 e5 2. Nf3 Nc6 3. Bb5 a6 4. Bxc6 dxc6 5. Nc3 Bd6 6. d4 Bg4 7. dxe5 Bxf3 8.
Qxf3 Bxe5 9. Bf4 Bxf4 10. Qxf4 Qd6 11. Qe3 Nh6 12. h3 O-O 13. O-O Rfe8 14. Rad1
Qe7 15. Qd4 Red8 16. Qc4 Rd6 17. Qc5 f6 18. Rde1 Nf7 19. f3 Re6 20. Qxe7 Rxe7
21. Nd1 Rae8 22. Ne3 Nd6 23. Kf2 Kf7 24. g4 Re5 25. Re2 g6 26. Rfe1 h5 27. c4
a5 28. Rc2 Rc5 29. b3 b5 30. Rec1 b4 31. Ng2 hxg4 32. hxg4 f5 33. exf5 gxf5 34.
g5 Rce5 35. Nf4 Rh8 36. Rg1 Rh2+ 37. Rg2 Rxg2+ 38. Kxg2 c5 39. Kf2 Re8 40. Rc1
Rg8 41. Rg1 Rh8 42. g6+ Kg8 43. Ke3 Rh2 44. Nd5 Kg7 45. Nxc7 Rh8 46. Kf4 Rc8
47. Ne6+ Kf6 48. Nxc5 Rg8 49. Nd7+ Ke6 50. Nb6 Nb7 51. Nd5 Nd6 52. Re1+ 1-0

[Event "DEM U16 2004"]
[Site "Willingen GER"]
[Date "2004.05.30"]
[Round "1"]
[White "Denker, Stephan"]
[Black "Abel, Dennes"]
[Result "0-1"]
[Termination "normal"]
[Board "8"]
[WhiteElo "1920"]
[BlackElo "2143"]
[PlyCount "64"]
[WhiteFideId "24605565"]
[BlackFideId "24605417"]
[EventCountry "GER"]
[EventRounds "9"]
[EventType "swiss"]
[EventDate "2004.05.29"]

1. e4 c5 2. Nf3 Nc6 3. d4 cxd4 4. Nxd4 Nf6 5. Nc3 e5 6. Ndb5 d6 7. Bg5 a6 8.
Na3 b5 9. Nd5 Be7 10. Bxf6 Bxf6 11. c3 Ne7 12. Nc2 Nxd5 13. Qxd5 Rb8 14. Qc6+
Ke7 15. Ne3 Bb7 16. Nd5+ Kf8 17. Qb6 Qxb6 18. Nxb6 Ke7 19. Nd5+ Bxd5 20. exd5
Rhc8 21. a4 bxa4 22. Bxa6 Rc5 23. Rxa4 Rxb2 24. O-O Rxc3 25. Rfa1 Kd7 26. Ra5
Bd8 27. Bb5+ Ke7 28. Ra7+ Rc7 29. Bc6 Rxa7 30. Rxa7+ Kf6 31. Ra1 Bb6 32. Rf1 e4
0-1

[Event "DEM U16 2004"]
[Site "Willingen GER"]
[Date "2004.05.30"]
[Round "1"]
[White "Siebarth, Raiko"]
[Black "Hauser, Carlos"]
[Result "1-0"]
[Termination "normal"]
[Board "9"]
[WhiteElo "2123"]
[BlackElo "2025"]
[PlyCount "71"]
[WhiteFideId "4674766"]
[BlackFideId "24608238"]
[EventCountry "GER"]
[EventRounds "9"]
[EventType "swiss"]
[EventDate "2004.05.29"]

1. e4 e5 2. Nf3 d6 3. d4 Nf6 4. Nc3 Nbd7 5. Bc4 Be7 6. O-O O-O 7. Re1 c6 8. a4
b6 9. b3 Bb7 10. dxe5 dxe5 11. Bb2 a6 12. Bd3 Bb4 13. Qc1 h6 14. Rd1 Qc7 15.
Ne2 b5 16. Ng3 Rfe8 17. c3 Bf8 18. Ba3 Nc5 19. Bc2 a5 20. h3 b4 21. cxb4 axb4
22. Bxb4 Nxb3 23. Bxb3 Bxb4 24. Nf5 Bf8 25. Qe3 c5 26. Nd2 Qc6 27. Qg3 Nh5 28.
Qg4 Nf4 29. g3 Ng6 30. Bd5 Qa6 31. Bc4 Qf6 32. h4 Reb8 33. Ra3 Bc8 34. Rf3 Kh8
35. Qh5 Rxa4 36. Nxh6 1-0

[Event "DEM U16 2004"]
[Site "Willingen GER"]
[Date "2004.05.30"]
[Round "1"]
[White "Kesten, Sebastian"]
[Black "Grimberg, Boris"]
[Result "0-1"]
[Termination "normal"]
[Board "10"]
[WhiteElo "1835"]
[BlackElo "2111"]
[PlyCount "42"]
[WhiteFideId "24616214"]
[BlackFideId "4697499"]
[EventCountry "GER"]
[EventRounds "9"]
[EventType "swiss"]
[EventDate "2004.05.29"]

1. d4 Nf6 2. c4 e6 3. Nc3 d5 4. Bg5 Nbd7 5. cxd5 exd5 6. e3 Be7 7. Nf3 c6 8.
Bd3 O-O 9. Qc2 Re8 10. O-O Nf8 11. Rab1 a5 12. a3 Ne4 13. Bxe7 Qxe7 14. Bxe4
dxe4 15. Nd2 f5 16. d5 Qf7 17. dxc6 bxc6 18. Na4 Ba6 19. Nb6 Bxf1 20. Rxf1 Rab8
21. Qxc6 Re6 0-1

[Event "DEM U16 2004"]
[Site "Willingen GER"]
[Date "2004.05.30"]
[Round "1"]
[White "Elstner, Eik"]
[Black "Rietze, Clemens"]
[Result "1/2-1/2"]
[Termination "normal"]
[Board "11"]
[WhiteElo "2103"]
[BlackElo "1835"]
[PlyCount "43"]
[WhiteFideId "24605581"]
[BlackFideId "24620351"]
[EventCountry "GER"]
[EventRounds "9"]
[EventType "swiss"]
[EventDate "2004.05.29"]

1. d4 c6 2. c4 d5 3. Nc3 Nf6 4. Nf3 dxc4 5. e4 b5 6. e5 Nd5 7. a4 e6 8. axb5
Nxc3 9. bxc3 cxb5 10. Ng5 Bb7 11. Qh5 g6 12. Qg4 Be7 13. Be2 Bd5 14. Bf3 Nc6
15. Ne4 b4 16. O-O h6 17. cxb4 Nxb4 18. Ba3 a5 19. Nd6+ Bxd6 20. Bxd5 exd5 21.
exd6 O-O 22. Bc1 1/2-1/2

[Event "DEM U16 2004"]
[Site "Willingen GER"]
[Date "2004.05.30"]
[Round "1"]
[White "Lieder, Konrad"]
[Black "Kaufmann, Benjamin"]
[Result "1-0"]
[Termination "normal"]
[Board "13"]
[WhiteElo "2087"]
[BlackElo "1750"]
[PlyCount "33"]
[WhiteFideId "4692721"]
[BlackFideId "24613525"]
[EventCountry "GER"]
[EventRounds "9"]
[EventType "swiss"]
[EventDate "2004.05.29"]

1. d4 d5 2. c4 e6 3. Nf3 Nf6 4. Nc3 Be7 5. cxd5 exd5 6. Bf4 c6 7. Rc1 O-O 8. e3
Bf5 9. Bd3 Ne4 10. Qc2 Nxc3 11. Bxf5 Nxa2 12. Bxh7+ Kh8 13. Ra1 Nb4 14. Qf5 g6
15. Qh3 Nd3+ 16. Kd2 Nxf4 17. Qh6 1-0

[Event "DEM U16 2004"]
[Site "Willingen GER"]
[Date "2004.05.30"]
[Round "2"]
[White "Siebarth, Raiko"]
[Black "Armbrust, Florian"]
[Result "0-1"]
[Termination "normal"]
[Board "2"]
[WhiteElo "2123"]
[BlackElo "2195"]
[PlyCount "44"]
[WhiteFideId "4674766"]
[BlackFideId "4691350"]
[EventCountry "GER"]
[EventRounds "9"]
[EventType "swiss"]
[EventDate "2004.05.29"]

1. Nc3 c5 2. d4 cxd4 3. Qxd4 Nc6 4. Qh4 g6 5. Nf3 Bg7 6. Bd2 Nf6 7. e4 d6 8.
Bc4 O-O 9. O-O Na5 10. Bd3 a6 11. e5 dxe5 12. Nxe5 b5 13. Rfe1 Bb7 14. Bh6 Qc7
15. Bxg7 Kxg7 16. Re3 Nc6 17. Ng4 Qf4 18. Rh3 Qxg4 19. Qh6+ Kh8 20. Ne4 Nd4 21.
Ng3 Ne6 22. f4 Qxf4 0-1

[Event "DEM U16 2004"]
[Site "Willingen GER"]
[Date "2004.05.30"]
[Round "2"]
[White "Bäumler, Ilja"]
[Black "Lieder, Konrad"]
[Result "1-0"]
[Termination "normal"]
[Board "3"]
[WhiteElo "2163"]
[BlackElo "2087"]
[PlyCount "79"]
[WhiteFideId "4681070"]
[BlackFideId "4692721"]
[EventCountry "GER"]
[EventRounds "9"]
[EventType "swiss"]
[EventDate "2004.05.29"]

1. e4 Nf6 2. e5 Nd5 3. d4 d6 4. Nf3 Bg4 5. Be2 e6 6. O-O Be7 7. h3 Bxf3 8. Bxf3
c6 9. c4 Nc7 10. Qb3 Qc8 11. exd6 Bxd6 12. Nc3 O-O 13. d5 f5 14. Rd1 cxd5 15.
cxd5 e5 16. Be3 Nd7 17. Rac1 Qb8 18. g4 g6 19. Bh6 Rf7 20. gxf5 gxf5 21. Bh5
Re7 22. Qc2 e4 23. Qd2 Kh8 24. Kh1 Ne8 25. Nb5 Nef6 26. Rc8+ Qxc8 27. Nxd6 Qc7
28. Nf7+ Rxf7 29. Bxf7 Ne5 30. Be6 Nf3 31. Qf4 Qc2 32. Rf1 Nh5 33. Qc1 Ng3+ 34.
Kg2 Nxf1 35. Qxc2 Ne1+ 36. Kxf1 Nxc2 37. Bf4 Kg7 38. Be5+ Kg6 39. a3 Rd8 40.
Ke2 1-0

[Event "DEM U16 2004"]
[Site "Willingen GER"]
[Date "2004.05.30"]
[Round "2"]
[White "Grimberg, Boris"]
[Black "Frübing, Stefan"]
[Result "0-1"]
[Termination "normal"]
[Board "4"]
[WhiteElo "2111"]
[BlackElo "2155"]
[PlyCount "70"]
[WhiteFideId "4697499"]
[BlackFideId "4682165"]
[EventCountry "GER"]
[EventRounds "9"]
[EventType "swiss"]
[EventDate "2004.05.29"]

1. d4 Nf6 2. Nf3 g6 3. c4 Bg7 4. g3 O-O 5. Bg2 d6 6. O-O Nbd7 7. Nc3 e5 8. dxe5
Nxe5 9. Nxe5 dxe5 10. Bg5 Qxd1 11. Rfxd1 c6 12. Bxf6 Bxf6 13. Ne4 Be7 14. Nd6
Bxd6 15. Rxd6 Be6 16. b3 Rfd8 17. Rad1 Rxd6 18. Rxd6 a5 19. a4 Kf8 20. Kf1 Ke7
21. Rd3 Rd8 22. Rxd8 Kxd8 23. Ke1 Kc7 24. Kd2 b5 25. cxb5 Bxb3 26. Bxc6 Kb6 27.
Kc3 Bxa4 28. Kc4 Bd1 29. Kd5 Bxe2 30. Kxe5 Bxb5 31. Bd5 Kc5 32. Bxf7 a4 33. Ba2
Bc4 34. Bb1 a3 35. f4 Kb4 0-1

[Event "DEM U16 2004"]
[Site "Willingen GER"]
[Date "2004.05.30"]
[Round "2"]
[White "Figura, Atila Gajo"]
[Black "Klaus, Christian"]
[Result "1-0"]
[Termination "normal"]
[Board "5"]
[WhiteElo "2154"]
[BlackElo "2061"]
[PlyCount "91"]
[WhiteFideId "4688058"]
[BlackFideId "4696395"]
[EventCountry "GER"]
[EventRounds "9"]
[EventType "swiss"]
[EventDate "2004.05.29"]

1. d4 d6 2. e4 Nf6 3. Nc3 c6 4. Nf3 g6 5. a4 Bg7 6. Be2 O-O 7. O-O Nbd7 8. a5
e5 9. Re1 Re8 10. d5 Qe7 11. Bc4 h6 12. Qe2 Nh5 13. a6 Nb6 14. axb7 Bxb7 15.
dxc6 Bxc6 16. Bb5 Rec8 17. Bxc6 Rxc6 18. Be3 Nf6 19. Nd2 Nfd7 20. Qb5 Rc7 21.
Ra6 Nc5 22. Rxb6 axb6 23. Nd5 Qd7 24. Qxd7 Rxd7 25. Nxb6 Ra6 26. Bxc5 Rb7 27.
Be3 f5 28. f3 Kf7 29. Nbc4 Bf8 30. Kf1 Ke6 31. Bf2 Be7 32. Nb3 Rc7 33. Nbd2 Bg5
34. c3 Ra2 35. Rb1 Rb7 36. Ke2 fxe4 37. fxe4 Rf7 38. Be3 Bxe3 39. Nxe3 Rb7 40.
b4 Ra3 41. Nd5 Ra8 42. b5 Ra5 43. b6 Ra2 44. Rf1 Rf7 45. Rxf7 Kxf7 46. b7 1-0

[Event "DEM U16 2004"]
[Site "Willingen GER"]
[Date "2004.05.30"]
[Round "2"]
[White "Behm, Simon"]
[Black "Lutz, Dieter"]
[Result "1-0"]
[Termination "normal"]
[Board "6"]
[WhiteElo "2071"]
[BlackElo "2153"]
[PlyCount "69"]
[WhiteFideId "4691962"]
[BlackFideId "4667565"]
[EventCountry "GER"]
[EventRounds "9"]
[EventType "swiss"]
[EventDate "2004.05.29"]

1. d4 Nf6 2. c4 e6 3. Nc3 Bb4 4. Qc2 O-O 5. a3 Bxc3+ 6. Qxc3 b6 7. Bg5 Bb7 8.
e3 d6 9. f3 Nbd7 10. Bd3 c5 11. Ne2 Rc8 12. O-O Re8 13. b4 h6 14. Bh4 cxd4 15.
exd4 Ba6 16. Qb3 Qc7 17. Rac1 Qb8 18. Bg3 Nh5 19. Bf2 Nhf6 20. Rfe1 Bb7 21. a4
Ba8 22. Qa3 Bc6 23. h3 a6 24. Bg3 b5 25. axb5 axb5 26. cxb5 Bd5 27. Qa6 Nb6 28.
Nc3 Bc4 29. Bxc4 Rxc4 30. Ne4 Nxe4 31. fxe4 Rxb4 32. Rc6 Nc4 33. Rc1 Rb3 34.
R6xc4 Rxg3 35. Rc8 1-0

[Event "DEM U16 2004"]
[Site "Willingen GER"]
[Date "2004.05.30"]
[Round "2"]
[White "Brener, Ilja"]
[Black "Elstner, Eik"]
[Result "1-0"]
[Termination "normal"]
[Board "8"]
[WhiteElo "2263"]
[BlackElo "2103"]
[PlyCount "119"]
[WhiteFideId "4688201"]
[BlackFideId "24605581"]
[EventCountry "GER"]
[EventRounds "9"]
[EventType "swiss"]
[EventDate "2004.05.29"]

1. d4 d5 2. c4 e6 3. Nc3 Nf6 4. cxd5 exd5 5. Bg5 Nbd7 6. e3 c6 7. Qc2 Be7 8.
Bd3 O-O 9. Nge2 Re8 10. O-O Nf8 11. f3 c5 12. Bb5 Bd7 13. Bxd7 Qxd7 14. dxc5
Bxc5 15. Bxf6 Bxe3+ 16. Kh1 gxf6 17. Rad1 d4 18. Ne4 Kg7 19. N2g3 Qd5 20. Rfe1
Bf4 21. Rxd4 Qe5 22. Rdd1 Rac8 23. Qf2 Bxg3 24. hxg3 Qh5+ 25. Kg1 Qa5 26. g4
Rc6 27. Ng3 Rxe1+ 28. Rxe1 Rc2 29. Nf5+ Kg8 30. Qxc2 Qxe1+ 31. Kh2 b6 32. Qc7
Qd2 33. f4 Qd7 34. Qxd7 Nxd7 35. Kg3 Kf8 36. Kf3 Nc5 37. Ke3 Na4 38. b3 Nc3 39.
a4 Nd5+ 40. Ke4 Nc3+ 41. Kd3 Nd5 42. g3 Nc7 43. Kc4 a6 44. b4 Ke8 45. Nd6+ Kd7
46. Nxf7 Kc6 47. b5+ axb5+ 48. axb5+ Kd7 49. Nh6 Ke6 50. Nf5 Ne8 51. Nd4+ Kd6
52. Ne2 Nc7 53. Nc3 Ke6 54. Kd4 Kd6 55. f5 Ke7 56. Nd5+ Nxd5 57. Kxd5 Kd7 58.
g5 fxg5 59. g4 Ke7 60. Ke5 1-0

[Event "DEM U16 2004"]
[Site "Willingen GER"]
[Date "2004.05.30"]
[Round "2"]
[White "Ratkovitch, Dimitri"]
[Black "Zebisch, Paul"]
[Result "1/2-1/2"]
[Termination "normal"]
[Board "9"]
[WhiteElo "2099"]
[BlackElo "1987"]
[PlyCount "36"]
[WhiteFideId "24608050"]
[BlackFideId "24601535"]
[EventCountry "GER"]
[EventRounds "9"]
[EventType "swiss"]
[EventDate "2004.05.29"]

1. e4 e5 2. Nf3 Nc6 3. Bc4 Nf6 4. d3 Be7 5. c3 d6 6. Nbd2 Be6 7. Qe2 O-O 8. Bb3
Nh5 9. Nf1 d5 10. Qc2 Qd6 11. Ng3 Nf4 12. Bxf4 exf4 13. Ne2 dxe4 14. dxe4 Bg4
15. Nfd4 Nxd4 16. Nxd4 c5 17. Nf3 Bxf3 18. gxf3 Rad8 1/2-1/2

[Event "DEM U16 2004"]
[Site "Willingen GER"]
[Date "2004.05.30"]
[Round "2"]
[White "Krug, Kevin"]
[Black "Denker, Stephan"]
[Result "1-0"]
[Termination "normal"]
[Board "10"]
[WhiteElo "2066"]
[BlackElo "1920"]
[PlyCount "75"]
[WhiteFideId "24609110"]
[BlackFideId "24605565"]
[EventCountry "GER"]
[EventRounds "9"]
[EventType "swiss"]
[EventDate "2004.05.29"]

1. e4 Nc6 2. d4 d5 3. Nc3 Nf6 4. e5 Nd7 5. Nxd5 Ndb8 6. Bc4 e6 7. Nc3 Qxd4 8.
Nf3 Qxd1+ 9. Nxd1 Nd7 10. Bf4 Nb6 11. Be2 Bd7 12. O-O Be7 13. Ne3 O-O-O 14. c3
h5 15. b4 Rdg8 16. b5 Nd8 17. Nc2 g5 18. Bd2 Nd5 19. g3 g4 20. Nfd4 Bg5 21. Be1
f5 22. c4 Ne7 23. f4 Bh6 24. Nb3 Ng6 25. Nc5 h4 26. Rf2 Bf8 27. Nb3 Rh7 28. Bf1
Rgh8 29. Bg2 c6 30. a4 Be7 31. Bb4 Kb8 32. Rd1 Bxb4 33. Nxb4 cxb5 34. cxb5 Bc8
35. Rfd2 Nf7 36. Nc5 Nf8 37. Rc2 Nh6 38. Rd8 1-0

[Event "DEM U16 2004"]
[Site "Willingen GER"]
[Date "2004.05.30"]
[Round "2"]
[White "Rehberg, Raphael"]
[Black "Kesten, Sebastian"]
[Result "1-0"]
[Termination "normal"]
[Board "11"]
[WhiteElo "2056"]
[BlackElo "1835"]
[PlyCount "85"]
[WhiteFideId "4686799"]
[BlackFideId "24616214"]
[EventCountry "GER"]
[EventRounds "9"]
[EventType "swiss"]
[EventDate "2004.05.29"]

1. e4 c5 2. Nf3 d6 3. d4 cxd4 4. Qxd4 Nc6 5. Bb5 Bd7 6. Bxc6 Bxc6 7. Nc3 e6 8.
Bg5 Nf6 9. O-O-O Be7 10. Qd3 O-O 11. Nd4 Qa5 12. f4 Rfd8 13. Rhe1 a6 14. Kb1
Qc7 15. Qg3 Ne8 16. Nd5 exd5 17. Bxe7 Qxe7 18. exd5 Qd7 19. dxc6 bxc6 20. Qg5
h6 21. Qe7 c5 22. Qxd7 Rxd7 23. Nf5 Rad8 24. c4 Kf8 25. Kc1 Nf6 26. Rd3 g6 27.
Ne3 Re8 28. Red1 Ne4 29. Ra3 Ra7 30. Re1 Nf6 31. Kd1 Re4 32. g3 Rd4+ 33. Kc2
Ne4 34. Rd1 Rxd1 35. Nxd1 Nf6 36. Nc3 Ne8 37. Kd2 Ra8 38. Ne4 f5 39. Nc3 Nc7
40. Rb3 Ke7 41. Rb7 Kd8 42. Nd5 Rc8 43. Nb6 1-0

[Event "DEM U16 2004"]
[Site "Willingen GER"]
[Date "2004.05.30"]
[Round "2"]
[White "Hauser, Carlos"]
[Black "Strache, Michael"]
[Result "1-0"]
[Termination "normal"]
[Board "12"]
[WhiteElo "2025"]
[BlackElo "2031"]
[PlyCount "97"]
[WhiteFideId "24608238"]
[BlackFideId "4693183"]
[EventCountry "GER"]
[EventRounds "9"]
[EventType "swiss"]
[EventDate "2004.05.29"]

1. d4 Nf6 2. c4 e5 3. dxe5 Ne4 4. Nf3 Nc6 5. e3 d6 6. exd6 Bxd6 7. Be2 Qf6 8.
Nbd2 Nc5 9. Nb3 Nxb3 10. Qxb3 Qg6 11. Bd2 a5 12. a3 a4 13. Qb5 O-O 14. Bc3 Be7
15. O-O-O Bf6 16. Bd3 Qh6 17. Bd2 Rd8 18. c5 Be6 19. Nd4 Bd7 20. Qc4 b5 21. Qc2
Ne5 22. Be2 c6 23. Bc3 Ng4 24. Bf3 Bxd4 25. Rxd4 Ne5 26. Rhd1 Nxf3 27. Rxd7
Rxd7 28. Rxd7 Ng5 29. Qf5 Rf8 30. Be5 Qh4 31. Rd4 Qh6 32. h4 Ne6 33. Rg4 Rd8
34. Bf4 Nxf4 35. Rxf4 Qe6 36. Qxe6 fxe6 37. Rd4 Rxd4 38. exd4 Kf7 39. Kd2 Kf6
40. g4 e5 41. Ke3 h5 42. f3 exd4+ 43. Kxd4 Ke6 44. Ke4 Kf6 45. gxh5 Ke6 46. f4
Kf6 47. f5 Kf7 48. Ke5 Ke7 49. f6+ 1-0

[Event "DEM U16 2004"]
[Site "Willingen GER"]
[Date "2004.05.30"]
[Round "2"]
[White "Bubolz, Konstantin"]
[Black "Schäfer, Martin"]
[Result "1-0"]
[Termination "normal"]
[Board "13"]
[WhiteElo "2015"]
[BlackElo "1747"]
[PlyCount "71"]
[WhiteFideId "24610194"]
[EventCountry "GER"]
[EventRounds "9"]
[EventType "swiss"]
[EventDate "2004.05.29"]

1. d4 e6 2. c4 f5 3. g3 Nf6 4. Bg2 Be7 5. Nc3 O-O 6. Nh3 d5 7. cxd5 exd5 8. O-O
c6 9. Nf4 Qe8 10. Nd3 Nbd7 11. b4 Ne4 12. Qb3 Bf6 13. e3 g5 14. a4 Bg7 15. b5
Ndf6 16. bxc6 bxc6 17. Ra2 Ba6 18. Qc2 g4 19. Ba3 Rf7 20. Rc1 Bc4 21. Rb2 Bxd3
22. Qxd3 Rc7 23. Qa6 Bf8 24. Bxf8 Kxf8 25. Bxe4 Nxe4 26. Nxd5 Rcc8 27. Rb7 Qh5
28. Nf4 Qh6 29. Qa5 c5 30. dxc5 Ng5 31. Qc3 Nf3+ 32. Kf1 Kg8 33. Ne6 Qh3+ 34.
Ke2 Nd4+ 35. Qxd4 Qf1+ 36. Kxf1 1-0

[Event "DEM U16 2004"]
[Site "Willingen GER"]
[Date "2004.05.30"]
[Round "2"]
[White "Kaufmann, Benjamin"]
[Black "Nuber, Korbinian"]
[Result "1/2-1/2"]
[Termination "normal"]
[Board "14"]
[WhiteElo "1750"]
[BlackElo "2004"]
[PlyCount "49"]
[WhiteFideId "24613525"]
[BlackFideId "24607231"]
[EventCountry "GER"]
[EventRounds "9"]
[EventType "swiss"]
[EventDate "2004.05.29"]

1. d4 Nf6 2. Nf3 g6 3. b4 Bg7 4. Bb2 d6 5. e3 O-O 6. Be2 c5 7. bxc5 dxc5 8. c4
Qb6 9. Qb3 Qxb3 10. axb3 Nc6 11. O-O Rd8 12. Rd1 Bf5 13. Na3 Ne4 14. Nb5 cxd4
15. Nbxd4 Nxd4 16. Bxd4 Nc3 17. Bxc3 Rxd1+ 18. Rxd1 Bxc3 19. Nd4 Bxd4 20. Rxd4
e5 21. Rd5 f6 22. Bf3 e4 23. Be2 Be6 24. Rd4 f5 25. Kf1 1/2-1/2

[Event "DEM U16 2004"]
[Site "Willingen GER"]
[Date "2004.05.31"]
[Round "3"]
[White "Armbrust, Florian"]
[Black "Figura, Atila Gajo"]
[Result "1-0"]
[Termination "normal"]
[Board "1"]
[WhiteElo "2195"]
[BlackElo "2154"]
[PlyCount "129"]
[WhiteFideId "4691350"]
[BlackFideId "4688058"]
[EventCountry "GER"]
[EventRounds "9"]
[EventType "swiss"]
[EventDate "2004.05.29"]

1. e4 c5 2. Nc3 e6 3. f4 d5 4. e5 Nc6 5. Nf3 Nge7 6. g3 Nf5 7. Bg2 Bd7 8. O-O
h5 9. Ne2 h4 10. g4 h3 11. Bh1 Nh6 12. g5 Nf5 13. Ng3 Nh4 14. d3 g6 15. Nxh4
Rxh4 16. c4 Nd4 17. Be3 Bc6 18. Bxd4 cxd4 19. cxd5 exd5 20. Qe2 Qd7 21. Rac1
Be7 22. a3 O-O-O 23. b4 Kb8 24. Rce1 Qe6 25. Qf3 a5 26. bxa5 Bxa3 27. Rb1 Ka7
28. Qf2 Qe7 29. Qa2 Bb4 30. Rf2 Bc3 31. Qb3 Qc5 32. Qb6+ Qxb6 33. axb6+ Kb8 34.
Rb3 Rg4 35. Kf1 Ba4 36. Ra3 Bb5 37. Ke2 Bc6 38. Kf3 Rh4 39. Rfa2 Kc8 40. Ne2
Kd7 41. Nxc3 dxc3 42. Kg3 Rhh8 43. Rxc3 Ra8 44. Rxa8 Rxa8 45. Bf3 Ra4 46. Bg4+
Ke7 47. Bxh3 Rb4 48. f5 gxf5 49. Bxf5 Rxb6 50. h4 Rb1 51. d4 Rg1+ 52. Kf2 Rh1
53. Rh3 Rxh3 54. Bxh3 Ba4 55. Ke2 Bc2 56. Kd2 Be4 57. Bg4 b6 58. h5 Kf8 59. Ke3
Ke7 60. h6 Kf8 61. Be2 Bf5 62. Bh5 Bd7 63. Kf4 Bc6 64. Bg4 Kg8 65. e6 1-0

[Event "DEM U16 2004"]
[Site "Willingen GER"]
[Date "2004.05.31"]
[Round "3"]
[White "Müller, Philipp"]
[Black "Bäumler, Ilja"]
[Result "0-1"]
[Termination "normal"]
[Board "2"]
[WhiteElo "1785"]
[BlackElo "2163"]
[PlyCount "50"]
[WhiteFideId "24620262"]
[BlackFideId "4681070"]
[EventCountry "GER"]
[EventRounds "9"]
[EventType "swiss"]
[EventDate "2004.05.29"]

1. d4 Nf6 2. c4 g6 3. Nc3 Bg7 4. e4 d6 5. Nf3 O-O 6. Be2 e5 7. O-O Nc6 8. d5
Ne7 9. Ne1 Nd7 10. Be3 f5 11. f3 f4 12. Bf2 g5 13. a4 a6 14. a5 Rf6 15. b4 Qe8
16. c5 Qh5 17. Kh1 Rh6 18. Bg1 Nf6 19. cxd6 cxd6 20. Na4 Qh4 21. g4 fxg3 22.
Ng2 Qh3 23. Nb2 Ng6 24. Nd3 Nf4 25. Nde1 Qxh2+ 0-1

[Event "DEM U16 2004"]
[Site "Willingen GER"]
[Date "2004.05.31"]
[Round "3"]
[White "Frübing, Stefan"]
[Black "Abel, Dennes"]
[Result "1-0"]
[Termination "normal"]
[Board "3"]
[WhiteElo "2155"]
[BlackElo "2143"]
[PlyCount "105"]
[WhiteFideId "4682165"]
[BlackFideId "24605417"]
[EventCountry "GER"]
[EventRounds "9"]
[EventType "swiss"]
[EventDate "2004.05.29"]

1. e4 c5 2. Nf3 Nc6 3. Nc3 Nf6 4. Bb5 g6 5. O-O Bg7 6. Re1 O-O 7. e5 Ng4 8.
Bxc6 dxc6 9. h3 Nh6 10. d3 b6 11. a4 Nf5 12. a5 Be6 13. Bf4 Nd4 14. Ng5 Qd7 15.
Na4 Rab8 16. Nxe6 Nxe6 17. Bg3 b5 18. Nc3 Rbd8 19. Ne2 Qd5 20. Nc3 Qd7 21. Re4
Nd4 22. f4 f5 23. Re1 Bh6 24. Kh1 Kh8 25. Rf1 Qe8 26. Ne2 Ne6 27. h4 c4 28. Rf3
a6 29. Bf2 cxd3 30. cxd3 c5 31. Qb3 Qc6 32. Rc1 Qd5 33. Qxd5 Rxd5 34. b4 cxb4
35. Rc6 b3 36. d4 b2 37. Rb3 Nxf4 38. Nxf4 Bxf4 39. Rxb2 Ra8 40. Rc7 b4 41. g3
Bh6 42. Rxb4 Rxa5 43. Rbb7 Bf8 44. Be3 Rd5 45. e6 Rb5 46. Ra7 Rxa7 47. Rxa7 Rd5
48. Ra8 Kg7 49. Bf4 a5 50. Be5+ Kg8 51. Bf6 f4 52. Bxe7 fxg3 53. Bxf8 1-0